Decentralisation of Financing of Self-Government Units in the Republic of Croatia

Daňové príjmi a uspokojovanie verejných potrieb z hľadiska krajov, miest a obcí v Chorvátsku. Miestne a centrálne charakteristiky určitých druhov daní. Základ pre ďalší výskum vývoja daňových systémov.

Na minha lista:
Detalhes bibliográficos
Autor principal: Jerković, Emina
Formato: Capítulo de Livro
Idioma:inglês
Assuntos:
Tags: Adicionar Tag
Sem tags, seja o primeiro a adicionar uma tag!

MARC

LEADER 00000nla a2200000 4500
001 0243657
005 20220803170659.6
041 0 |a eng 
044 |a MK 
245 1 0 |a Decentralisation of Financing of Self-Government Units in the Republic of Croatia  |c Emina Jerković 
520 |a Daňové príjmi a uspokojovanie verejných potrieb z hľadiska krajov, miest a obcí v Chorvátsku. Miestne a centrálne charakteristiky určitých druhov daní. Základ pre ďalší výskum vývoja daňových systémov. 
610 2 0 |a Chorvátsko 
610 2 0 |a služby verejné 
610 2 0 |a dane z príjmov 
610 2 0 |a dane miestne 
610 2 0 |a systémy daňové 
610 2 0 |a výskum 
610 2 0 |a Európska únia 
100 1 |a Jerković, Emina